Criminal Law: Actus Reus - Statistics

General Stats
  • This quiz has been taken 58 times
  • The average score is 5 of 19
Answer Stats
Hint Answer % Correct
What does 'actus reus' mean? Guilty act
79%
Elements of causation Legal
48%
Elements of causation Factual
45%
Elements of AR? Causation
42%
Types of factual cause 'But for'
39%
Elements of AR? Conduct
33%
What must be broken for liability legally? Chain of causation
30%
Elements of AR? Consequences
30%
Types of legal cause Blameworthy
27%
Elements of AR? Circumstances
24%
Types of legal cause More than 'de minimis'
18%
Types of legal cause Operating
15%
Types of factual cause Accelerating
9%
Types of factual cause More than one
9%
'But for' test White [1910]
9%
Blameworthy Hughes [2013]
3%
More than 'de minimis' Cato [1976]
0%
More than 'de minimis' Kimsey [1996]
0%
'Thin skull' rule Master [2007]
0%
No matching quizzes found
Score Distribution
Percent of People with Each Score
Percentile by Number Answered
Your Score History
You have not taken this quiz